Communes limitrophes de Paris - mort subite - Statistiques

Statistiques générales
  • Ce quiz a été pris 1 561 fois
  • Le résultat moyen est 6 sur 29
Answers on the Grid
Answers color-coded by a green-red scale on the quiz's grid according to % correct below.
Arcueil
Asnières-sur-Seine
Aubervilliers
Bagneux
Bagnolet
Bobigny
Boulogne-Billancourt
Cachan
Charenton-le-Pont
Chatillon
Clamart
Clichy
Courbevoie
Drancy
Fontenay-sous-Bois
Gennevilliers
Gentilly
Issy-les-Moulineaux
Ivry-sur-Seine
Joinville-le-Pont
La Courneuve
Le Kremlin-Bicêtre
Le Pré-Saint-Gervais
Les Lilas
Levallois-Perret
Maisons-Alfort
Malakoff
Meudon
Montreuil
Montrouge
Nanterre
Neuilly-sur-Seine
Nogent-sur-Marne
Pantin
Puteaux
Saint-Cloud
Saint-Denis
Saint-Mandé
Saint-Maur-des-Fossés
Saint-Maurice
Saint-Ouen-sur-Seine
Sèvres
Suresnes
Vanves
Vincennes
 
Statistiques - réponses
Réponse % Correct
Aubervilliers
53%
Boulogne-Billancourt
41%
Bagnolet
34%
Vincennes
32%
Clichy
31%
Montreuil
26%
Neuilly-sur-Seine
24%
Saint-Denis
23%
Issy-les-Moulineaux
22%
Levallois-Perret
22%
Ivry-sur-Seine
21%
Pantin
21%
Montrouge
20%
Le Kremlin-Bicêtre
18%
Les Lilas
18%
Saint-Ouen-sur-Seine
18%
Charenton-le-Pont
17%
Malakoff
17%
Vanves
17%
Saint-Cloud
14%
Saint-Mandé
14%
Le Pré-Saint-Gervais
13%
Gentilly
11%
Puteaux
11%
Suresnes
9%
Joinville-le-Pont
8%
Fontenay-sous-Bois
7%
Saint-Maurice
7%
Nogent-sur-Marne
5%
Aucun quiz correspondant
Distribution des résultats
% des personnes avec chaque résultat
Percentile par nombre de réponses
Votre historique - résultats
Vous n’avez pas pris ce quiz